000 00335nam a2200145Ia 4500
008 150301s2014 xx 000 0 und d
082 _a618.2
_bO14S
100 _aSHARMA, J.B.
245 _aTB. OF OBSTETRICS
250 _a1ST
260 _bAVICHAL PUB.
_aINDIA
_c2014
300 _a775
650 _aOBST. & GYNE
942 _2ddc
_cBK
_08
999 _c6581
_d6581